000 00290nam a22001337a 4500
008 180116b xxu||||| |||| 00| 0 eng d
020 _a9781412968515
041 _aeng
080 _24TH
_a94
100 _a16
101 _aHIS
245 _aFamilies& change
_cPrice,SH.J
942 _2udc
_cBK
999 _c40380
_d40380